Hydro Electric Power Supply from Water Tank for perimeter Post Lamps Systems (Record no. 85937)

MARC details
000 -LEADER
fixed length control field 03654nam a22002777a 4500
003 - CONTROL NUMBER IDENTIFIER
control field URS
005 - DATE AND TIME OF LATEST TRANSACTION
control field 20251021102226.0
008 - FIXED-LENGTH DATA ELEMENTS--GENERAL INFORMATION
fixed length control field 250908b ||||| |||| 00| 0 eng d
040 ## - CATALOGING SOURCE
Transcribing agency URS
043 ## - GEOGRAPHIC AREA CODE
Geographic area code URS
245 ## - TITLE STATEMENT
Title Hydro Electric Power Supply from Water Tank for perimeter Post Lamps Systems
Remainder of title / Baquilar, Donald Charles L.... [et al.].
260 ## - PUBLICATION, DISTRIBUTION, ETC.
Date of publication, distribution, etc. February 2024
300 ## - PHYSICAL DESCRIPTION
Extent 94 leaves :
Other physical details illustrations ;
Dimensions 28 cm.
336 ## - CONTENT TYPE
Source rdacontent
Content type term text
337 ## - MEDIA TYPE
Source rdamedia
Media type term unmediated
338 ## - CARRIER TYPE
Source rdacarrier
Carrier type term volume
502 ## - DISSERTATION NOTE
Dissertation note Thesis
Degree type Bachelor of Technology Major in Electrical Technology
Name of granting institution University of Rizal System-Morong
Year degree granted 2024
520 ## - SUMMARY, ETC.
Summary, etc. EXECUTIVE SUMMARY The study entitled “Hydro Electric Power Supply from Water Tank for Perimeter Post Lamps System” aimed to innovate the renewable energy that comes water with the use of hydraulic generator. During the night, street lamps are important as it lights the streets. Hydro Electric Power Supply from Water Tank for Perimeter Post Lamps System would serve as the free source of electrical energy to power the street lamps. The study was conducted at the University of Rizal System, Morong Campus during the school year of 2020 - 2021 and 2022 - 2023 and continued this school year of 2023 - 2024. This study used the developmental, descriptive and experimental method of research which is defined as the systematic study of designing, developing, and evaluating instructional programs, processes and products that must criteria of internal consistency and effectiveness. A researcher-made questionnaire checklist was utilized to determine the level of acceptability of the device in terms for variables mentioned. There were thirty (30) respondents of the study included ten (10) experts and twenty (20) end-users from Bachelor of Technology major in Electrical Technology, chosen through simple random sampling. On the design and construction of the device, the researchers construct a plan and developed using local and inexpensive materials. On the level of performance of the device in try-out and revisions, the researchers conduct five (5) trials. And on the five (5) trials, the researchers encounter errors during the try-outs. The researchers sought out the best solutions for the problem and manage to fix the device to perform its purpose. The findings showed that the developed device in terms of design, the device is extremely accepted for end-users and expert. In terms of functionality, it is extremely functional to the end-users and expert. In terms of safety, the device is extremely safe to the end-users and expert. Lastly in terms of maintainability, the Hydro Electric Power Supply from Water Tank for Perimeter Post Lamps System is extremely maintainable to the end users and expert. The device level of performance in terms of Output Voltage is excellent, and on the Charging Time the verbal interpretation is extremely fast and Discharging Time is extremely slow, according to the trials conducted. With regards to the findings there is no significant difference on the evaluation made by the two groups of respondents on the level of acceptability of the Hydro Electric Power Supply from Water Tank for Perimeter Post Lamps System with respect to design, functionality, safety and maintainability.
700 ## - ADDED ENTRY--PERSONAL NAME
Personal name Baquilar, Donald Charles L.
Relator term author
700 ## - ADDED ENTRY--PERSONAL NAME
Personal name Batican, Jocel R.
Relator term author
700 ## - ADDED ENTRY--PERSONAL NAME
Personal name Cardosa, Harry R.
Relator term author
700 ## - ADDED ENTRY--PERSONAL NAME
Personal name Vicencio, Joebert N.
Relator term author
700 ## - ADDED ENTRY--PERSONAL NAME
Personal name Prado, Eden S.
Relator term degree supervisor
856 ## - ELECTRONIC LOCATION AND ACCESS
Materials specified Online Request for Student Unpublished Works
Uniform Resource Identifier <a href="https://forms.gle/7LqvGGkaDrUQqz429">https://forms.gle/7LqvGGkaDrUQqz429</a>
942 ## - ADDED ENTRY ELEMENTS (KOHA)
Source of classification or shelving scheme Library of Congress Classification
Koha item type Theses and dissertations
Holdings
Withdrawn status Source of classification or shelving scheme Damaged status Not for loan Collection code Home library Current library Date acquired Total Checkouts Barcode Date last seen Price effective from Koha item type
  Library of Congress Classification     Reference Morong College Library Morong College Library 09/08/2025   URSMOR-CL-6850 09/08/2025 09/08/2025 Theses and dissertations

University of Rizal System
Email us at univlibservices@urs.edu.ph

Visit our Website www.urs.edu.ph/library